Partnership accounts /

Guardat en:
Dades bibliogràfiques
Autor principal: Magee, James Owen
Format: Llibre
Idioma:English
Publicat: Plymouth : Macdonald and Evans, 1977.
Edició:2nd ed.
Col·lecció:M & E handbook series.
Matèries:
LEADER 01220cam a2200349 a 4500
001 c000214594
003 CARM
005 20050901131352.0
008 830301s1977 enk |001 0 eng d
015 |a B7802495 
019 1 |a 2243222  |5 LACONCORD2021 
020 |a 0712116664 (Pbk) 
035 |a (OCoLC)16444568  |5 LACONCORD2021 
040 |a VCAV  |b eng  |c VCAV  |d WU 
043 |a e-uk--- 
050 0 0 |a HF5686.P225 
082 0 4 |a 657/.92/0941 
100 1 |a Magee, James Owen. 
245 1 0 |a Partnership accounts /  |c [by] J.O. Magee. 
250 |a 2nd ed. 
260 |a Plymouth :  |b Macdonald and Evans,  |c 1977. 
300 |a x,370p ;  |c 18cm. 
440 0 |a M & E handbook series. 
500 |a With answers. 
500 |a Previous ed.: 1969. 
504 |a Index. 
650 0 |a Partnership  |z Great Britain  |x Accounting. 
852 8 |b CARM  |h A2:AK25G0  |i A02976  |p 0253755  |f BK 
852 8 |b CARM  |h A1:AO09A0  |i A04315  |p 0351022  |f BK 
999 f f |i c8691a29-0ed8-57ae-8b76-409819e43215  |s 81cfd6f8-9810-5816-a635-c5209fcfc6e5 
952 f f |p Can circulate  |a CAVAL  |b CAVAL  |c CAVAL  |d CARM 1 Store  |e A02976  |f A2:AK25G0  |h Other scheme  |i book  |m 0253755 
952 f f |p Can circulate  |a CAVAL  |b CAVAL  |c CAVAL  |d CARM 1 Store  |e A04315  |f A1:AO09A0  |h Other scheme  |i book  |m 0351022